| 000 | 00706cam a22002173a 4500 | ||
|---|---|---|---|
| 001 | 38734 | ||
| 003 | PGUSA | ||
| 005 | 20140828083844.0 | ||
| 008 | 120201s2012||||xxu|||||s|||||000 | eng d | ||
| 040 |
_aPGUSA _beng |
||
| 042 | _adc | ||
| 100 | 1 |
_aBonnefoux, Pierre-Marie-Joseph, baron de, _d1782-1855 |
|
| 245 | 1 | 0 |
_aMémoires du Baron de Bonnefoux : _bCapitaine de vaisseau. 1782-1855 _h[electronic resource] / _cPierre-Marie-Joseph, baron de Bonnefoux |
| 260 |
_bProject Gutenberg, _c2012 |
||
| 506 | _aPublic domain in the USA. | ||
| 516 | _aElectronic text | ||
| 700 | 1 | _aJobbé-Duval, Émile | |
| 830 | 0 |
_aProject Gutenberg _v38734 |
|
| 856 | 4 | 0 | _uhttp://www.gutenberg.org/ebooks/38734 |
| 942 | _cEB | ||
| 999 |
_c267988 _d267988 |
||